All lyrics to When Words Fail (Shrek - the musical) - Statistics

General Stats
  • This quiz has been taken 66 times
  • The average score is 191 of 253
Answer Stats
Lyric % Correct
a
95%
fail
95%
I...
95%
I
95%
the
95%
When
95%
will
95%
words
95%
feel?
90%
how..
90%
how
90%
it
90%
it,
90%
me
90%
Princess
90%
princess,
90%
you
90%
You
90%
big
86%
is
86%
of
86%
of...
86%
to
86%
And
81%
and
81%
do?
81%
Do
81%
fat
81%
flower,
81%
flower
81%
It's
81%
it's
81%
its
81%
know
81%
my
81%
picked
81%
she
81%
She
81%
that
81%
that.
81%
this
81%
this?
81%
what
81%
anyway.
76%
because
76%
but
76%
chubby,
76%
going
76%
I'm
76%
like
76%
moon
76%
no
76%
not
76%
oh
76%
over
76%
pretty.
76%
pretty,
76%
remind
76%
right
76%
too.
76%
too?
76%
too
76%
where
76%
also
71%
are
71%
Are
71%
bright.
71%
by
71%
don't
71%
grew.
71%
Hello
71%
look,
71%
mean
71%
mean.
71%
out
71%
really
71%
So
71%
there
71%
with
71%
your
71%
you're
71%
all?
67%
biggish,
67%
hefty
67%
How's
67%
in
67%
meant
67%
myself.
67%
obviously
67%
on
67%
personality
67%
side
67%
tonight.
67%
first
62%
Good?
62%
good
62%
just
62%
petals
62%
stem
62%
which
62%
about
57%
accept
57%
fair
57%
gene
57%
have
57%
made
57%
please
57%
she'll
57%
She'll
57%
think
57%
trouble.
57%
am
52%
blame
52%
feelings
52%
prospects
52%
Sorry
52%
thing,
52%
understand.
52%
chance?
48%
else
48%
for
48%
pool
48%
represent
48%
snowball's
48%
has.
43%
If
43%
life
43%
Man
43%
okay.
43%
one
43%
reminds
43%
take
43%
grim?
38%
hand.
38%
I've
38%
mud,
38%
spent
38%
tells
38%
limb.
33%
stuck
33%
sees
29%
now
24%
crawling
19%
No matching quizzes found
Score Distribution
Percent of People with Each Score
Percentile by Number Answered
Your Score History
You have not taken this quiz